| 000 | 00439nam a2200169Ia 4500 | ||
|---|---|---|---|
| 005 | 20260330112741.0 | ||
| 008 | 260330s9999||||xx |||||||||||||| ||und|| | ||
| 020 | _a9789589251430 | ||
| 041 | _aspa | ||
| 100 | _aUribe Garzon, Carlos | ||
| 245 | 0 |
_aBases Del Cooperativismo / _cCarlos Uribe Garzon |
|
| 250 | _a4 ed. | ||
| 260 |
_aBogota : _bFondo Nacional Universitario. _c1993 |
||
| 300 | _a528 p. | ||
| 650 | _aECONOMIA | ||
| 942 | _cBK | ||
| 999 |
_c3253 _d3253 |
||